Počet ciest v sieťach

Gespeichert in:
Bibliographische Detailangaben
1. Verfasser: Kaššovic, Tomáš (Verfasst von)
Weitere Verfasser: Knor, Martin (Betreuung Doktorarbeit)
Format: Manuskript Buch
Sprache:Slowakisch
Veröffentlicht: 2025
Schlagworte:
Online-Zugang:http://is.stuba.sk/zp/portal_zp.pl?podrobnosti=175632
CRZP
Tags: Tag hinzufügen
Keine Tags, Fügen Sie das erste Tag hinzu!

MARC

LEADER 00000ntm a22000003a 4500
001 stuzp104417
003 SK-STU
005 20250725110422.5
007 ta
008 150427s2015----xo-----f-mn---000-0-slo-d
040 |a STU  |b slo 
041 0 |a slo 
100 1 |a Kaššovic, Tomáš  |u 010220  |4 aut  |U SvF Stavebná fakulta  |T SvF Katedra matematiky a deskriptívnej geometrie  |X 121120  |U V220  |Y 23  |7 121120 
242 0 1 |a Number of paths in networks  |y eng 
245 1 0 |a Počet ciest v sieťach 
260 |c 2025 
650 4 |a graf  |2 slo 
650 4 |a početciest  |2 slo 
650 4 |a backtracking  |2 slo 
650 4 |a vizualizácia  |2 slo 
650 4 |a graph  |2 eng 
650 4 |a path count  |2 eng 
650 4 |a backtracking  |2 eng 
650 4 |a visualization  |2 eng 
700 1 |a Knor, Martin  |u 010220  |k Z1  |4 ths  |U SvF Stavebná fakulta  |T SvF Katedra matematiky a deskriptívnej geometrie  |X 860  |U V220  |Y 23  |7 A000000860 
856 4 |u http://is.stuba.sk/zp/portal_zp.pl?podrobnosti=175632 
856 4 |u https://opac.crzp.sk/?fn=detailBiblioForm&sid=4013D2F8FE5692F45DCE2C4F6B33  |z CRZP